00973aas a2200241 4500952009000000999001700090001001000107003001000117005001700127008004100144022001400185040004100199041000800240100002700248242003700275245005600312300006100368520012700429546002200556650003800578773010700616942000800723 001040708HEMaFUSBCbFUSBCd2016-01-26l0o r2016-01-26 00:00:00w2016-01-26yANA c53866d53866768714001CO-MdFUSB20171128141109.0170808s1997 xxu||||| |||| 00| 0 eng d a0098-9444 aCO-MdFUSBbspacCO-MdFUSBdCO-MdFUSB aeng aShanks, Hersheleautor aAniversario de oro de los rollos10aGolden anniversary of the scrollsc/ Hershel Shanks aVolumen 23. Número 6 (1997), páginas 62-65c: 28 cm.1 aUna reunión de gala celebra el descubrimiento de los rollos del mar muerto mezcla la pompa, la erudición y la historia aTexto en inglés 79403aExcavaciones arqueológicas0 tBiblical Archaeology Review049395959487gVolumen 23. Número 6 (1997), páginas 62-65qPágina 62 cANA